| 000 | 02336cam a22005774i 4500 | ||
|---|---|---|---|
| 003 | PE-LiUPU | ||
| 005 | 20250731180114.0 | ||
| 008 | 180522s2016 mx a r0 000 0 spa d | ||
| 020 | _a9789587782059 | ||
| 035 | _a(Sirsi) a242074 | ||
| 040 |
_aPE-LiUPU _bspa _cPE-LiUPU _erda |
||
| 049 | _aPRUA | ||
| 082 | 0 | 4 |
_a519.5354 _bD88 _221 |
| 100 | 1 |
_aDomínguez Domínguez, Jorge, _eautor. |
|
| 245 | 1 | 0 |
_aDiseño de experimentos. Estrategias y análisis en ciencias e ingenierías / _cJorge Domínguez Domínguez, Eduardo Castaño Tostado. |
| 250 | _aPrimera edición. | ||
| 264 | 1 |
_aMéxico : _bAlfaomega, _c2016. |
|
| 300 |
_a486 páginas : _bilustraciones ; _c23 centímetros |
||
| 336 |
_atext _2rdacontent |
||
| 337 |
_aunmediated _2rdamedia |
||
| 338 |
_avolume _2rdacarrier |
||
| 505 | 0 | _aCapacitación de un diseño experimental -- diseño con un factor -- comparaciones múltiples -- estructura de tratamientos factorial -- estructura factorial fraccionada -- estructura de tratamientos factoriales -- algunos diseños especiales -- el modelo de análisis regresión -- optimización estadística del proceso -- diseño de experimentos con mezcla. | |
| 526 | _aSEG44 | ||
| 526 | _aSEG26 | ||
| 526 | _aP159 | ||
| 526 | _aP155 | ||
| 526 | _aP154 | ||
| 526 | _aP153 | ||
| 526 | _aP150 | ||
| 526 | _aP100 | ||
| 526 | _aP31 | ||
| 526 | _aP30 | ||
| 526 | _aP26 | ||
| 526 | _aP25 | ||
| 526 | _aP24 | ||
| 526 | _aP22 | ||
| 526 | _aP15 | ||
| 526 | _aP10 | ||
| 541 | _g002-00000049; | ||
| 650 | 0 | 4 | _aEstrategias y análisis. |
| 650 | 0 | 4 | _aAnálisis en ciencias. |
| 650 | 0 | 4 | _aStrategies and analysis. |
| 650 | 0 | 4 | _aAnalysis in sciences. |
| 700 | 1 |
_aCastaño Tostado, Eduardo, _eautor. |
|
| 910 |
_admb _bkslcksl _d20180522 |
||
| 942 |
_2ddc _cBOOK |
||
| 994 |
_aC0 _bPEPRU |
||
| 596 | _a1 | ||
| 999 |
_a519.5354 D88 _wLC _c27582 _i78507 _d27582 _e2019-4-5 _f2021-11-9 _g4 _lCCODEBUL1 _mBUL _n2 _p34.12 _q2 _r0 _sY _tBOOK _u2018-5-22 _xINGENIERIA _PP24 _0COMPRA _1FCOMPRA _o.STAFF. Colección Ingeniería y Arquitectura |
||
| 999 |
_a519.5354 D88 _wLC _c2 _i78508 _f2021-11-9 _g4 _lCCODEBUL1 _mBUL _p34.12 _r0 _sY _tBOOK _u2018-5-22 _xINGENIERIA _PP24 _0COMPRA _1FCOMPRA _o.STAFF. Colección Ingeniería y Arquitectura |
||
| 980 |
_81 _gALBERTO SANCHEZ Responsable de Automatización |
||